Productivity in service organizations : organizing for people /

Bibliographic Details
Main Author: Heaton, Herbert, 1919-2008
Format: Book
Language:English
Published: New York : McGraw-Hill, [1977]
Subjects:

MARC

Tag First Indicator Second Indicator Subfields
LEADER 00000pam a2200000 i 4500
001 in00000359213
005 20151011071752.0
008 770511s1977 nyu b 00110 eng
010 |a  77008484  
020 |a 0070277052 :  |c $13.50 
035 |a (OCoLC)03002985 
035 |9 ABP0496AM 
040 |a DLC  |c DLC  |d TXA  |d UtOrBLW 
049 |a TXAM  |c [1611801] 
050 0 0 |a HD57  |b .H37 
100 1 |a Heaton, Herbert,  |d 1919-2008. 
245 1 0 |a Productivity in service organizations :  |b organizing for people /  |c Herbert Heaton. 
264 1 |a New York :  |b McGraw-Hill,  |c [1977] 
264 4 |c ©1977 
300 |a xi, 233 pages ;  |c 21 cm. 
336 |a text  |b txt  |2 rdacontent 
337 |a unmediated  |b n  |2 rdamedia 
338 |a volume  |b nc  |2 rdacarrier 
504 |a Includes bibliographical references and index. 
650 0 |a Labor productivity. 
650 0 |a Organization. 
999 |a MARS 
999 f f |s 6e189af6-0b38-33b6-ad8b-7caa3e83630e  |i 2b36273d-b378-37c8-bb9a-9205b584285e  |t 0 
952 f f |p ric  |a Texas A&M University  |b Rellis Campus  |c Joint Library Facility  |d Remote Storage  |t 0  |e HD57 .H37  |h Library of Congress classification  |i unmediated -- volume  |m A14802629491 
998 f f |a HD57 .H37  |t 0  |l Remote Storage